|
|
|
|
| LEADER |
00000cam a2200000 a 4500 |
| 001 |
vtls001065724 |
| 003 |
SK-MaSNL |
| 005 |
20260301193354.0 |
| 008 |
240315s1991 xo a 00001 slo |
| 015 |
|
|
|a SNBA1991/10
|
| 020 |
|
|
|a 8021501723
|q (2. zv. : brož. )
|
| 035 |
|
|
|a SNK000008554
|
| 040 |
|
|
|a SNK
|b slo
|c SNK
|e AACR2
|
| 041 |
1 |
|
|a slo
|h ger
|
| 044 |
|
|
|a xo
|c SK
|
| 072 |
|
7 |
|a 2-23/-27
|x Biblia. Biblistika
|2 konspekt
|
| 080 |
|
|
|a 27-23
|2 2011
|
| 080 |
|
|
|a 2-276.7
|2 2011
|
| 080 |
|
|
|a 27-236.5
|2 2011
|
| 100 |
1 |
|
|a Gruber, Elmar,
|d 1931-2011
|4 aut
|9 60732
|
| 245 |
1 |
0 |
|a Biblické dejiny v 365 príbehoch
|b Zošit 2
|p (Príbehy 31-60)
|c Elmar Gruber ; z nemeckého spracovania biblického textu ... preložila Helena Veselá ; ilustroval J. Haysom
|
| 250 |
|
|
|a 1. vyd.
|
| 260 |
|
|
|a Bratislava
|b Obzor
|c 1991
|e Košice
|f Východoslovenské tlačiarne
|
| 300 |
|
|
|a 40 s.
|b ilustr.
|c 24 cm
|
| 630 |
0 |
7 |
|a Biblia
|2 SNKPH
|9 17043
|
| 630 |
0 |
7 |
|a Bible
|2 SNKPHeng
|9 276267
|
| 650 |
0 |
7 |
|a biblické dejiny
|2 SNKPH
|9 1915
|
| 650 |
0 |
7 |
|a Sacred history
|2 SNKPHeng
|9 277013
|
| 655 |
|
7 |
|a biblické príbehy
|2 SNKPH
|9 280634
|
| 655 |
|
7 |
|a Bible stories
|2 SNKPHeng
|9 375529
|
| 700 |
1 |
|
|a Haysom, J.
|4 ill
|9 277178
|
| 700 |
1 |
|
|a Veselá, Helena
|4 trl
|9 277179
|
| 919 |
|
|
|a 80-215-0172-3(zv.2.)
|
| 954 |
|
|
|a beletria cudzojazyčná (svetová)
|2 lita
|
| 958 |
|
|
|a BQ
|
| 958 |
|
|
|a DE
|
| 958 |
|
|
|a OP
|
| 958 |
|
|
|a TL
|
| 999 |
|
|
|c 877009
|d 878939
|
| 952 |
|
|
|t P60, <05>, [BOOK], {605}
|a SNK
|b SNK
|y PREZ
|7 0
|p 17A0327582
|o snkSC 80300/2 D1
|i snkKSP 6995/91
|0 0
|1 0
|4 0
|d 2002-01-11
|l 0
|r 2004-12-31 00:00:00
|w 2026-02-24
|
| 952 |
|
|
|a SNK
|b SNK
|y PREZ
|7 0
|p 17A0966692
|o snkSC 80300/2
|0 0
|1 0
|4 0
|d 2012-08-13
|l 0
|r 2025-08-11 00:00:00
|w 2026-02-24
|